书目信息 |
| 题名: |
21世纪的全球治理
|
|
| 作者: | 刘鸣 主编 | |
| 分册: | ||
| 出版信息: | 北京 社会科学文献出版社 2016 |
|
| 页数: | 393页 | |
| 开本: | 24cm | |
| 丛书名: | 国际战略与国际关系理论青年论丛 | |
| 单 册: | ||
| 中图分类: | D81-53 | |
| 科图分类: | ||
| 主题词: | 国际关系--guo ji guan xi--文集 | |
| 电子资源: | ||
| ISBN: | 978-7-5097-7614-8 | |
| 000 | 01212nam0 22002651 450 | |
| 001 | 0127154656 | |
| 005 | 20170327154656.0 | |
| 010 | @a978-7-5097-7614-8@dCNY89.00 | |
| 100 | @a20160901d2016 em y0chiy50 ea | |
| 101 | 0 | @achi |
| 102 | @aCN@b110000 | |
| 105 | @ay z 000yy | |
| 106 | @ar | |
| 200 | 1 | @a21世纪的全球治理@A21shi ji de quan qiu zhi li@e制度变迁和战略选择@dGlobal governance in the 21th century@einstitutional transformation and strategic choice@f刘鸣主编@zeng |
| 210 | @a北京@c社会科学文献出版社@d2016 | |
| 215 | @a393页@d24cm | |
| 225 | 2 | @a国际战略与国际关系理论青年论丛@Aguo ji zhan lue yu guo ji guan xi li lun qing nian lun cong |
| 330 | @a本书围绕全球治理的理论、参与全球治理的主要行为体、全球治理的主要功能性领域、全球公域治理以及中国如何参与全球治理等重要视角进行了深入探讨,从理论与实践两方面给当今中国参与全球治理提供了重要启发。 | |
| 461 | 0 | @12001 @a国际战略与国际关系理论青年论丛 |
| 510 | 1 | @aGlobal governance in the 21th century@einstitutional transformation and strategic choice@zeng |
| 606 | 0 | @a国际关系@Aguo ji guan xi@j文集 |
| 690 | @aD81-53@v5 | |
| 701 | 0 | @a刘鸣@Aliu ming@f(1958~)@4主编 |
| 801 | 0 | @aCN@bTANGWEI@c20170308 |
| 905 | @b0963550-2@dD81-53@e4@f3 | |
| 21世纪的全球治理:制度变迁和战略选择=Global governance in the 21th century:institutional transformation and strategic choice/刘鸣主编.-北京:社会科学文献出版社,2016 |
| 393页;24cm.-(国际战略与国际关系理论青年论丛) |
| ISBN 978-7-5097-7614-8:CNY89.00 |
| 本书围绕全球治理的理论、参与全球治理的主要行为体、全球治理的主要功能性领域、全球公域治理以及中国如何参与全球治理等重要视角进行了深入探讨,从理论与实践两方面给当今中国参与全球治理提供了重要启发。 |
| ● |
| 相关链接 |
|
|
|
|
正题名:21世纪的全球治理
索取号:D81-53/4
 
预约/预借
| 序号 | 登录号 | 条形码 | 馆藏地/架位号 | 状态 | 备注 |
| 1 | 0963550 | 209635509 | 第一样本阅览室/ [索取号:D81-53/4] | 在馆 | |
| 2 | 0963551 | 209635518 | 第一借阅区/ [索取号:D81-53/4] | 在馆 | |
| 3 | 0963552 | 209635527 | 第一借阅区/ [索取号:D81-53/4] | 在馆 |